000 00460nam a2200169Ia 4500
003 GCL
008 140319s9999 xx 000 0 ara d
040 _aGCL /
_cGCL
082 0 4 _a813.01
_bى ت
100 1 _aيوسف القعيد
245 1 0 _aتجفيف الدموع /
_cيوسف القعيد
490 _aقصص قصيرة
_v0
650 0 4 _aالقصص القصيرة
650 0 4 _aالادب
650 0 4 _aالادب - مجموعات
942 _2ddc
_cBK
999 _c39744
_d39744